Licensed practical nurse / (Record no. 90)

MARC details
000 -LEADER
fixed length control field 01034cam a22003014a 4500
005 - DATE AND TIME OF LATEST TRANSACTION
control field 20260322212006.0
008 - FIXED-LENGTH DATA ELEMENTS--GENERAL INFORMATION
fixed length control field data
010 ## - LIBRARY OF CONGRESS CONTROL NUMBER
LC control number 99024322
020 ## - INTERNATIONAL STANDARD BOOK NUMBER
International Standard Book Number 0736803297
020 ## - INTERNATIONAL STANDARD BOOK NUMBER
International Standard Book Number 9780736803298
040 ## - CATALOGING SOURCE
Original cataloging agency DLC
Transcribing agency DLC
Modifying agency DLC
042 ## - AUTHENTICATION CODE
Authentication code lcac
-- lcac
050 00 - LIBRARY OF CONGRESS CALL NUMBER
Classification number RT62
Item number .W36 2000
082 00 - DEWEY DECIMAL CLASSIFICATION NUMBER
Classification number 610.73/06/93
Edition information 21
092 ## - LOCALLY ASSIGNED DEWEY CALL NUMBER (OCLC)
Classification number 610.73 Wal 2000
001 - CONTROL NUMBER
control field data
100 1# - MAIN ENTRY--PERSONAL NAME
Personal name Wallner, Rosemary,
Dates associated with a name 1964-
245 10 - TITLE STATEMENT
Title Licensed practical nurse /
Statement of responsibility, etc. Rosemary Wallner.
260 ## - PUBLICATION, DISTRIBUTION, ETC.
Place of publication, distribution, etc. Mankato, Minn. :
Name of publisher, distributor, etc. Capstone Books,
Date of publication, distribution, etc. c2000.
300 ## - PHYSICAL DESCRIPTION
Extent 48 p. :
Other physical details col. ill. ;
Dimensions 22 cm.
440 #0 - SERIES STATEMENT/ADDED ENTRY--TITLE
Title Career exploration
504 ## - BIBLIOGRAPHY, ETC. NOTE
Bibliography, etc. note Includes bibliographical references (p. 46) and index.
520 ## - SUMMARY, ETC.
Summary, etc. Introduces the career of the practical nurse through information about educational requirements, duties, the workplace, salary, employment outlook, and possible future positions.
650 #0 - SUBJECT ADDED ENTRY--TOPICAL TERM
Topical term or geographic name entry element Practical nursing.
650 #0 - SUBJECT ADDED ENTRY--TOPICAL TERM
Topical term or geographic name entry element Practical nursing
General subdivision Vocational guidance.
650 #1 - SUBJECT ADDED ENTRY--TOPICAL TERM
Topical term or geographic name entry element Nursing
General subdivision Vocational guidance.
650 #1 - SUBJECT ADDED ENTRY--TOPICAL TERM
Topical term or geographic name entry element Vocational guidance.
Holdings
Withdrawn status Lost status Damaged status Not for loan Home library Current library Shelving location Date acquired Total checkouts Full call number Barcode Date last seen Price effective from Koha item type
        Franklin Franklin General stacks 22/03/2026   610.73/06/93 21 BC0010093 22/03/2026 22/03/2026 Books